[Event "Biel op"]
[Site "Biel"]
[Date "1992.??.??"]
[Round "3"]
[White "Joksic, Sinisa"]
[Black "Portisch, Lajos"]
[Result "1/2-1/2"]
[WhiteElo "2335"]
[BlackElo "2595"]

1.e4 c5 2.Nf3 Nc6 3.Bb5 e6 4.O-O Nge7 5.Re1 Ng6 6.c3 a6 7.Bxc6 bxc6 8.e5 Be7
9.Na3 a5 10.b3 O-O 11.Nc4 Ba6 12.Ba3 a4 13.Qc2 f6 14.d4 axb3 15.axb3 Bxc4
16.bxc4 fxe5 17.dxe5 Qc7 18.Bb2 Rxa1 19.Bxa1 Rb8 20.Bb2 Qb7 21.Bc1 Qb1 22.Qd2 Rb7
23.Qe2 Qf5 24.h3 h6 25.Qd2 Nh4 26.Ba3 Ra7 27.Bc1 Qb1 28.Qe2 Qf5 29.Qb2 Ra8
30.Qd2 Rd8 31.Ba3 Ng6 32.Bc1 Nf8 33.Ba3 Ra8 34.Bc1 Ra1 35.Qe2 Bd8 36.Qb2 Rb1
37.Qe2 Bc7 38.Qe3 Qc2 39.Qd2 Qb3 40.Qd3 Ra1 41.Nd2 Qb8 42.f4 d6 43.exd6 Bxd6
44.Nf1 Qc7 45.Qe4 Bxf4 46.Bxf4 Rxe1 47.Qxe1 Qxf4 48.Nd2 Qf5 49.Ne4 Ng6 50.Qe3 Nf4
51.Kh2 Qe5 52.g3 Nd5 53.Qd3 Nf6 54.Nxf6+ Qxf6 55.Kg2 Qf5 56.Qe3 Qc2+ 57.Kf3 Qf5+
58.Kg2 Kf7 59.g4 Qg5 60.Qxg5 hxg5 61.Kf3  1/2-1/2

[Event "Biel op"]
[Site "Biel"]
[Date "1992.??.??"]
[Round "4"]
[White "Scherer, Helmut"]
[Black "Dzuban, Oleg I"]
[Result "1/2-1/2"]
[WhiteElo "2315"]
[BlackElo "2450"]

1.e4 c5 2.Nf3 Nc6 3.Bb5 d6 4.O-O Bd7 5.Re1 a6 6.Bf1 Bg4 7.h3 Bh5 8.c3 e5
9.d3 Be7 10.Nbd2 Qd7 11.Nc4 Bxf3 12.Qxf3 Qc7 13.Ne3 Bd8 14.Qg3 g6 15.Nd5 Qd7
16.Be2 Nf6 17.Nxf6+ Bxf6 18.Bg4 Qe7 19.Bh6 Bh4 20.Qe3 f6 21.Bd1 Bg5 22.Bxg5 fxg5
23.Bb3 Kf8 24.Bd5 Rc8 25.Bxc6 Rxc6 26.d4 cxd4 27.cxd4 Kg7 28.dxe5 dxe5 29.Rad1 Rf8
30.Rd5 Rf7 31.Re2 Qf6 32.a3 Re7 33.Rc5 Rxc5 34.Qxc5 Rd7 35.g3 Qd6 36.Qa5 Qd1+
37.Re1 Qd4 38.b3 h5 39.Re3 Rf7 40.Qd5 Qb2 41.f3 Rc7 42.Re2 Qc3 43.Kg2 Rf7
44.Rf2  1/2-1/2

[Event "Biel op"]
[Site "Biel"]
[Date "1992.??.??"]
[Round "10"]
[White "Cherniaev, Alexander"]
[Black "Pelletier, Yannick"]
[Result "1-0"]
[WhiteElo "2415"]
[BlackElo "2215"]

1.e4 c5 2.Nf3 Nc6 3.Bb5 g6 4.O-O Bg7 5.c3 e5 6.d3 Nge7 7.Be3 d6 8.d4 cxd4
9.cxd4 O-O 10.d5 Nb8 11.Nfd2 f5 12.f3 f4 13.Bf2 Nd7 14.Be2 h5 15.Nc3 Nf6
16.Nc4 Ne8 17.Nb5 b6 18.a4 Ba6 19.Qb3 Qd7 20.Rfc1 g5 21.h3 Kh7 22.Nd2 Nf6
23.Rc7 Qd8 24.Rac1 g4 25.fxg4 hxg4 26.hxg4 Kg6 27.Nf3 Rc8 28.Nh4+ Kf7 29.Nxd6+ Qxd6
30.Nf5 Qxc7 31.Rxc7 Rxc7 32.d6+ Ke8 33.dxc7 Bxe2 34.Qe6  1-0

[Event "Bled op"]
[Site "Bled"]
[Date "1992.??.??"]
[Round "2"]
[White "Zorman, Vojko"]
[Black "Palac, Mladen"]
[Result "1/2-1/2"]
[WhiteElo "2270"]
[BlackElo "2500"]

1.e4 c5 2.Nf3 Nc6 3.Bb5 g6 4.O-O Bg7 5.Bxc6 dxc6 6.h3 Nf6 7.d3 O-O 8.Nc3 Ne8
9.Be3 b6 10.Qd2 e5 11.Bh6 f6 12.Nh2 Be6 13.Bxg7 Nxg7 14.Ne2 c4 15.d4 exd4
16.Qxd4 Qxd4 17.Nxd4 Bd7 18.Rad1 Rad8 19.Ng4 Bxg4 20.hxg4 Rd6 21.Ne2 Rfd8
22.Rxd6 Rxd6 23.Rc1 Ne6 24.Kf1 Kf7 25.Ke1 Nd4 26.c3 Nxe2 27.Kxe2 Re6  1/2-1/2

[Event "Bled op"]
[Site "Bled"]
[Date "1992.??.??"]
[Round "7"]
[White "Zorman, Vojko"]
[Black "Mohr, Georg"]
[Result "0-1"]
[WhiteElo "2270"]
[BlackElo "2440"]

1.e4 c5 2.Nf3 Nc6 3.Bb5 Nf6 4.Bxc6 dxc6 5.Nc3 g6 6.d3 Bg7 7.Be3 b6 8.Qd2 O-O
9.Bh6 Qc7 10.Bxg7 Kxg7 11.O-O e5 12.Nh4 h6 13.f4 exf4 14.Rxf4 Ng4 15.Raf1 g5
16.h3 gxf4 17.hxg4 Qd8 18.Nf5+ Bxf5 19.exf5 Qd4+ 20.Kh1 Rfe8 21.Nd1 Qe5 22.Qf2 Rad8
23.Nc3 c4 24.Rd1 cxd3 25.cxd3 Qe3 26.Qc2 f3 27.Ne4 Rxe4 28.dxe4 Qe2 29.Rc1 Kg8
30.gxf3 Rd2  0-1

[Event "SWE-ch"]
[Site "Borlange"]
[Date "1992.??.??"]
[Round "4"]
[White "Hellsten, Johan"]
[Black "Degerman, Lars"]
[Result "1/2-1/2"]
[WhiteElo "2270"]
[BlackElo "2460"]

1.e4 c5 2.Nf3 Nc6 3.Bb5 g6 4.O-O Bg7 5.Re1 e5 6.Bxc6 bxc6 7.d3 Ne7 8.a3 a5
9.a4 d6 10.Nbd2 O-O 11.Nc4 f5 12.Bg5 Be6 13.Qd2 fxe4 14.Rxe4 Bd5 15.Nxa5 Bf6
16.Nc4 Nf5 17.c3 Bxe4 18.dxe4 d5 19.Bxf6 Rxf6 20.exf5 dxc4 21.Qxd8+ Rxd8
22.Nxe5 Rfd6 23.Kf1 gxf5 24.Nxc4 Rd1+ 25.Rxd1 Rxd1+ 26.Ke2 Ra1 27.a5 Ra4
28.Kd3 Kg7 29.Nd6 Rxa5 30.Nxf5+ Kf6 31.Ne3 Ra2 32.Kc2 Ra4 33.Kd3 Ra2 34.Nc4 Kf5
35.f3 Ra1 36.g3 Rh1 37.Ne3+ Ke6 38.h4 Rb1 39.Nc4 Kd5 40.Ne3+ Ke6 41.Ke4 Rxb2
42.g4 Rb3 43.c4 Rb2 44.Nf5  1/2-1/2

[Event "SWE-ch"]
[Site "Borlange"]
[Date "1992.??.??"]
[Round "9"]
[White "Johansson, Jan"]
[Black "Schneider, Lars Ake"]
[Result "1-0"]
[WhiteElo "2390"]
[BlackElo "2455"]

1.e4 c5 2.Nf3 Nc6 3.Bb5 e6 4.O-O Nge7 5.b3 a6 6.Bxc6 Nxc6 7.Bb2 Qc7 8.c4 b6
9.Re1 Bb7 10.Nc3 Bd6 11.Nd5 exd5 12.exd5+ Ne7 13.Bxg7 Rg8 14.Bf6 Rg6 15.Bxe7 Bxe7
16.Nh4 Kf8 17.Nxg6+ hxg6 18.Qf3 Qd6 19.Rab1 Kg7 20.Re4 Rh8 21.h3 Bg5 22.d3 Bd2
23.Rb2 Bc3 24.Rbe2 Bc8 25.Re8 Rf8 26.g4 Bd4 27.Kg2 Rxe8 28.Rxe8 Qc7 29.Qg3 Qxg3+
30.fxg3  1-0

[Event "Bozen op"]
[Site "Bozen"]
[Date "1992.??.??"]
[Round "6"]
[White "Kennaugh, Charles"]
[Black "Efimov, Igor"]
[Result "1/2-1/2"]
[WhiteElo "2320"]
[BlackElo "2470"]

1.e4 c5 2.Nf3 Nc6 3.Bb5 Nf6 4.e5 Nd5 5.O-O g6 6.d4 cxd4 7.Bxc6 dxc6 8.Qxd4 Bf5
9.Na3 Bg7 10.Qh4 h6 11.Re1 Qc7 12.Bd2 O-O-O 13.Rad1 Kb8 14.c4 Nb6 15.Ba5 Rxd1
16.Rxd1 Rd8 17.Re1 c5 18.Nb5 Qc6 19.Qxe7 Rd7 20.Qe8+ Qc8 21.Qxc8+ Nxc8 22.Bd2 b6
23.Bf4 Kb7 24.h4 Be6 25.b3 Rd3 26.Re3 Rd1+ 27.Re1 Rd3 28.Re3 Rd1+ 29.Kh2 Ne7
30.Nd6+ Kc6 31.Re2 a6 32.Ne8 Bf8 33.Rd2 Rxd2 34.Bxd2 b5 35.Nd6 Nf5 36.Nxf5 Bxf5
37.Bc3 b4 38.Bb2 a5 39.Nd2 a4 40.Kg3 a3 41.Ba1 Be7 42.f4 Kb6 43.Kf3 Bxh4
44.g3 Be7 45.Ne4 h5 46.Ke3 Kc6 47.Nf6 Bd8 48.Kd2 Be7 49.Ke3 Kb7 50.Kd2 Kc8
51.Nd5 Bf8 52.Nf6 Kd8 53.Nd5 Bh6 54.Kc1 g5 55.e6 gxf4 56.Bf6+ Kc8 57.Ne7+ Kb7
58.Nxf5 fxg3+ 59.Kc2 g2 60.e7 g1=Q 61.Nd6+ Kb6 62.e8=Q Qc1+ 63.Kd3 Qd2+ 64.Ke4 Qe3+
65.Kd5 Qf3+ 66.Ne4 Qd1+ 67.Ke5 Qa1+ 68.Kd5 Qd1+ 69.Ke5 Qa1+ 70.Kd5  1/2-1/2

[Event "Bratislava op"]
[Site "Bratislava"]
[Date "1992.??.??"]
[Round "1"]
[White "Prochaska, Juergen"]
[Black "Zapolskis, Antanas"]
[Result "0-1"]
[WhiteElo "2285"]
[BlackElo "2420"]

1.e4 c5 2.Nf3 Nc6 3.Bb5 e6 4.O-O Nge7 5.Nc3 a6 6.Bxc6 Nxc6 7.d3 Be7 8.Bf4 d6
9.Qd2 O-O 10.Be3 b5 11.d4 cxd4 12.Nxd4 Ne5 13.Qe2 Bb7 14.f3 Nc4 15.b3 Nxe3
16.Qxe3 Qb6 17.Rad1 Rac8 18.Rd3 Bf6 19.Rfd1 Rc7 20.Nde2 Qxe3+ 21.Rxe3 Rfc8
22.Rxd6 Be7 23.Nd4 Bxd6  0-1

[Event "Bratislava op"]
[Site "Bratislava"]
[Date "1992.??.??"]
[Round "3"]
[White "Berezjuk, Sergej"]
[Black "Certek, Pavel"]
[Result "1-0"]
[WhiteElo "2415"]
[BlackElo "2290"]

1.e4 c5 2.Nf3 Nc6 3.Bb5 g6 4.Bxc6 dxc6 5.h3 Bg7 6.d3 Nf6 7.Nc3 O-O 8.Be3 b6
9.Qd2 Ne8 10.Bh6 Nc7 11.h4 Bg4 12.Nh2 Be6 13.h5 Qd4 14.hxg6 hxg6 15.Nf3 Bxh6
16.Rxh6 Qg7 17.O-O-O Bg4 18.Rdh1 Bxf3 19.gxf3 Ne6 20.f4 f5 21.e5 Rfd8 22.Qe3 Nf8
23.Ne2 Kf7 24.d4 Ke8 25.dxc5 Qf7 26.b3 Qd5 27.cxb6 axb6 28.Nc3 Qa5 29.e6 c5
30.Rh8 c4 31.Qh3  1-0

[Event "Bratislava op"]
[Site "Bratislava"]
[Date "1992.??.??"]
[Round "6"]
[White "Zapolskis, Antanas"]
[Black "Bagaturov, Giorgi"]
[Result "0-1"]
[WhiteElo "2420"]
[BlackElo "2435"]

1.e4 c5 2.Nf3 Nc6 3.Bb5 g6 4.O-O Bg7 5.Re1 Nf6 6.e5 Nd5 7.Nc3 Nc7 8.Bxc6 bxc6
9.Ne4 Ne6 10.d3 O-O 11.Be3 d6 12.Qd2 d5 13.Ng3 f5 14.Bh6 Bxh6 15.Qxh6 f4
16.Nf1 Rf5 17.Qh4 Qf8 18.N3d2 Nd4 19.f3 Nxc2 20.Qf2 Nxe1 21.Rxe1 Ba6 22.Qxc5 Bxd3
23.Qxc6 Qd8 24.Kh1 Rc8 25.Qe6+ Kg7 26.Nb3 Bxf1 27.Rxf1 Rc4 28.h3 Qc7 29.Re1 Rf8
30.Qxd5 Rd8 31.Qb5 Rc2 32.Qb4 Rxb2 33.Qxf4 Qc3 34.Re4 Rd1+ 35.Kh2 Rxg2+ 36.Kxg2 Qc2+  0-1

[Event "Bratislava op"]
[Site "Bratislava"]
[Date "1992.??.??"]
[Round "10"]
[White "Novik, Maxim"]
[Black "Shumiakina, Tatiana"]
[Result "1-0"]
[WhiteElo "2430"]
[BlackElo "2310"]

1.e4 c5 2.Nf3 Nc6 3.Bb5 e6 4.O-O Nge7 5.c3 a6 6.Ba4 b5 7.Bc2 Bb7 8.Re1 d5
9.a4 g6 10.axb5 axb5 11.Rxa8 Bxa8 12.d4 c4 13.Bg5 Bg7 14.Nbd2 h6 15.Bh4 g5
16.Bg3 dxe4 17.Nxe4 O-O 18.Nd6 Na7 19.Nxg5 hxg5 20.Qh5 f5 21.Be5 Bxe5 22.dxe5 Kg7
23.g4 Nac8 24.gxf5 Nxf5 25.Nxc8 Rh8 26.Rd1 Bd5 27.Qg4 Nh4 28.Be4 Qxc8 29.Qxg5+ Kf7
30.Qf6+ Kg8 31.Rxd5  1-0

[Event "Bucaramanga"]
[Site "Bucaramanga"]
[Date "1992.??.??"]
[Round "7"]
[White "Hernandez, Gilberto"]
[Black "Dlaykan, Fernando"]
[Result "1-0"]
[WhiteElo "2495"]
[BlackElo "2210"]

1.e4 c5 2.Nf3 Nc6 3.Bb5 e6 4.O-O Nge7 5.c3 a6 6.Ba4 b5 7.Bc2 d5 8.e5 d4 9.Be4 Rb8
10.d3 Bb7 11.a4 b4 12.cxb4 Nxb4 13.Re1 Bxe4 14.Rxe4 Nec6 15.Na3 Na5 16.Rb1 Qd5
17.b3 Be7 18.Nc4 Nxc4 19.bxc4 Qd8 20.Rg4 g6 21.h4 Nc6 22.Bh6 Rxb1 23.Qxb1 Qb8
24.Qe1 Bf8 25.Qe4 Qc7 26.Bg5 h5 27.Rf4 Bg7 28.Bf6 O-O 29.g3 Nb4 30.g4 Qc6
31.Qe2 Qxa4 32.Be7 Qa3 33.Ne1 Qc1 34.Re4 Rc8 35.gxh5 gxh5 36.Bg5 Qb1 37.Bf6 Qc1
38.Qxh5 Qh6 39.Qf3 Bxf6 40.exf6 Kh8 41.Re5 Rg8+ 42.Kf1  1-0

[Event "Bucharest"]
[Site "Bucharest"]
[Date "1992.??.??"]
[Round "?"]
[White "Bouaziz, Slim"]
[Black "Grigore, George"]
[Result "1/2-1/2"]
[WhiteElo "2400"]
[BlackElo "2410"]

1.e4 c5 2.Nf3 Nc6 3.Bb5 g6 4.O-O Bg7 5.Re1 Nf6 6.Bxc6 dxc6 7.h3 O-O 8.d3 Ne8
9.a4 Nc7 10.a5 e5 11.Na3 Ne6 12.Nc4 Qc7 13.Bd2 Nd4 14.Nxd4 cxd4 15.c3  1/2-1/2

[Event "Bucharest"]
[Site "Bucharest"]
[Date "1992.??.??"]
[Round "?"]
[White "Lupu, Mircea Sergiu"]
[Black "Grigore, George"]
[Result "1-0"]
[WhiteElo "2435"]
[BlackElo "2410"]

1.e4 c5 2.Nf3 Nc6 3.Bb5 g6 4.Bxc6 dxc6 5.d3 Bg7 6.Nc3 Nf6 7.Be3 b6 8.h3 O-O
9.Qd2 Ne8 10.Bh6 Nc7 11.Bxg7 Kxg7 12.h4 h5 13.O-O-O Ne6 14.Ne2 Qd6 15.Qe3 Ba6
16.e5 Qd7 17.Rh3 Rad8 18.Rg3 Bc8 19.Ng5 Nd4 20.Nf4 Nf5 21.e6 Nxe3 22.exd7 Nxd1
23.dxc8=Q Rxc8 24.Kxd1 Rfe8 25.Ne4 Rh8 26.a4 Rcd8 27.b3 e5 28.Ne2 Rhe8 29.f3 Rd7
30.Ke1 Ree7 31.Rh3 Re8 32.g4 hxg4 33.fxg4 f5 34.gxf5 gxf5 35.Rg3+ Kf7 36.Rf3 Ke6
37.Ng5+ Kf6 38.Ng3 f4 39.N5e4+ Ke6 40.Nf1 Rh8 41.Rh3 Rg7 42.Kf2 Rg4 43.h5 Rh6
44.Nh2 Rg8 45.Nf3 Rgh8 46.Rh1 Rxh5 47.Rg1 Kf7 48.a5 Rh1 49.Nxe5+ Ke6 50.Nf3 Rxg1
51.Kxg1 Rg8+ 52.Kf2 Rh8 53.axb6 axb6 54.Ned2 Ra8 55.Nc4 Ra2 56.Ne1 b5 57.Nd2 Ke5
58.Ke2 Kd4 59.Ne4 c4 60.Nf3+ Kd5 61.Nc3+ Kd6 62.Nxa2  1-0

[Event "Bucharest-B"]
[Site "Bucharest"]
[Date "1992.??.??"]
[Round "?"]
[White "Stefanov, Parik"]
[Black "Spulber, Cicerone"]
[Result "0-1"]
[WhiteElo "2335"]
[BlackElo "2345"]

1.e4 c5 2.Nf3 Nc6 3.Bb5 g6 4.O-O Bg7 5.Re1 e5 6.Bxc6 bxc6 7.b4 cxb4 8.a3 b3
9.cxb3 Ne7 10.Bb2 d6 11.d4 Qc7 12.dxe5 dxe5 13.Nbd2 O-O 14.Nc4 f6 15.Rc1 Be6
16.b4 Rfd8 17.Qe2 Qb7 18.Na5 Qb5 19.Nxc6 Qxe2 20.Nxe7+ Kf7 21.Rxe2 Kxe7 22.h3 Rac8
23.Rec2 Rd1+ 24.Kh2 Rxc1 25.Rxc1 Bh6 26.Rxc8 Bxc8 27.Ne1 Ba6 28.g3 Bd2 29.Nf3 Bh6
30.Nh4 Bd3 31.f3 Ke6 32.a4 Bc2 33.a5 Bd2 34.Ba3 Bd3 35.Kg2 Be1 36.Kg1 Bxg3
37.Ng2 f5 38.exf5+ gxf5 39.Bc1 f4 40.Bd2 Kd5 41.Ne1 Be2 42.Kg2 e4 43.fxe4+ Kxe4
44.b5 Bxb5 45.Nf3 Kd3 46.Be1 Bxe1 47.Nxe1+ Ke2 48.Nc2 f3+ 49.Kg3 f2 50.Nd4+ Kd3  0-1

[Event "Bucharest-B"]
[Site "Bucharest"]
[Date "1992.??.??"]
[Round "?"]
[White "Stefanov, Parik"]
[Black "Micalizzi, Giovanni"]
[Result "1/2-1/2"]
[WhiteElo "2335"]
[BlackElo "2325"]

1.e4 c5 2.Nf3 Nc6 3.Bb5 g6 4.O-O Bg7 5.Re1 e5 6.Bxc6 dxc6 7.d3 Ne7 8.a3 a5
9.Be3 b6 10.Nbd2 f6 11.b4 axb4 12.axb4 Rxa1 13.Qxa1 cxb4 14.Qa4 Kf7 15.Qxb4 c5
16.Qb2 Be6 17.Rb1 Nc8 18.Qb5 Qd7 19.Qxd7+ Bxd7 20.Nc4 b5 21.Na3 b4 22.Nc4 Bf8
23.Ra1 Nd6 24.Nb6 Be6 25.Ra7+ Kg8 26.Ra8 c4 27.dxc4 Nxc4 28.Nxc4 Bxc4 29.Rb8 Kg7
30.Bd2 b3 31.cxb3 Bd3 32.Bc3 Bxe4 33.Nxe5 Be7 34.Rxh8 Kxh8 35.Ng4 Kg7 36.f3 Bd3
37.b4 Bd8 38.Kf2 h5 39.Ne3 Bb6 40.f4 Kf7 41.Kf3 f5 42.Nd1 Ke6 43.Bd2 Kd5
44.Be3 Bd8 45.Bc5 Bf6 46.Ke3 Ba6 47.Nf2 Bb5 48.Nh3 Bf1 49.Kf3 Bb5 50.Ng1 Kc4
51.Ke3 Bb2 52.g3 Bc1+ 53.Kf2 Bc6 54.Ne2 Bb2 55.Ke3 Bf6 56.Bd6 Bg2 57.Bc5 Bc6
58.Ng1 Bc3 59.Nh3 Bf6 60.Nf2 Bb5 61.Nd3 Kd5 62.Ne1 Ba4 63.Nf3 Bd1 64.Ne1 Ba4
65.Ba7 Bc3 66.Nd3 Bb5 67.Bc5 Bf6 68.Ne1 Ba4 69.h3 Bd1 70.Nf3 Bxf3 71.Kxf3 Kc4
72.g4 Bc3 73.gxh5 gxh5 74.Ke3 Be1 75.Be7 Bc3 76.Bd6 Bf6 77.Bf8 Bd4+ 78.Kf3 Bc3
79.Bc5 Be1 80.Ke3 Bc3 81.Kf2 Bd2 82.Kg3 Be1+ 83.Bf2 h4+ 84.Kxh4 Bxf2+ 85.Kg5 Kxb4
86.h4 Kc5 87.h5 Kd6 88.Kxf5 Ke7 89.Kg6 Kf8 90.h6 Kg8 91.f5 Bd4 92.f6 Bxf6
93.Kxf6 Kh7  1/2-1/2

[Event "Bucharest-B"]
[Site "Bucharest"]
[Date "1992.??.??"]
[Round "?"]
[White "Nevednichy, Vladislav"]
[Black "Miulescu, Gabriel"]
[Result "1-0"]
[WhiteElo "2455"]
[BlackElo "2365"]

1.e4 c5 2.Nf3 Nc6 3.Bb5 Qc7 4.O-O d6 5.c3 Bg4 6.d4 O-O-O 7.Be3 Nf6 8.Nbd2 e6
9.h3 Bh5 10.dxc5 dxc5 11.Qa4 Bxf3 12.Nxf3 Nb8 13.e5 Nd5 14.Bg5 f6 15.Bh4 a6
16.Be2 Be7 17.exf6 gxf6 18.Qe4 Nf4 19.Bc4 e5 20.Bg3 Ng6 21.h4 Nd7 22.h5 Ngf8
23.Qg4 h6 24.Nh4 Kb8 25.Rad1 Nb6 26.Bb3 c4 27.Bc2 Nfd7 28.Ng6 Rhe8 29.Kh2 Bd6
30.Rd2 Nc5 31.Rfd1 Bf8 32.f4 Rxd2 33.Rxd2 Ncd7 34.fxe5 Nxe5 35.Nxe5 fxe5
36.Qg8 Qg7 37.Qxg7 Bxg7 38.Rd6 Kc7 39.Rg6 Bf8 40.Rg8 Nd7 41.Bg6 Re7 42.Bh4 Rg7
43.Rh8 Bd6 44.Bd8+ Kc6 45.Be4+ Kc5 46.Rxh6 Rg4 47.Bf5 Rg8 48.Ba5 e4+ 49.Kg1 Bf4
50.Re6 Ne5 51.Bxe4 Nd3 52.Bb6+ Kb5 53.Bd4 Nc5 54.a4+ Nxa4 55.Rf6  1-0

[Event "Bucharest"]
[Site "Bucharest"]
[Date "1992.??.??"]
[Round "?"]
[White "Lupu, Mircea Sergiu"]
[Black "Vasilescu, Lucian"]
[Result "1-0"]
[WhiteElo "2435"]
[BlackElo "2430"]

1.e4 c5 2.Nf3 Nc6 3.Bb5 Qb6 4.Nc3 e6 5.Bxc6 Qxc6 6.O-O a6 7.d4 cxd4 8.Nxd4 Qc7
9.Re1 Bc5 10.a4 Ne7 11.Be3 O-O 12.Qe2 b6 13.Rad1 Bb7 14.Bg5 Ng6 15.Qg4 Bd6
16.h4 Be7 17.Bxe7 Nxe7 18.Rd2 Rad8 19.Re3 Ng6 20.h5 Ne5 21.Qg3 h6 22.b3 d6
23.f4 Nd7 24.Qh4 Nf6 25.g4 e5 26.g5 exd4 27.gxf6 Kh7 28.Rxd4 Qc5 29.Red3 Rg8
30.Kf2 g5 31.hxg6+ Rxg6 32.b4 Qc8 33.f5 Rgg8 34.Rg3 Rxg3 35.Qxg3  1-0

[Event "Spring op"]
[Site "Budapest"]
[Date "1992.??.??"]
[Round "?"]
[White "Zapolskis, Antanas"]
[Black "Balogh, Bela"]
[Result "1-0"]
[WhiteElo "2400"]
[BlackElo "2260"]

1.e4 c5 2.Nf3 Nc6 3.Bb5 g6 4.O-O Bg7 5.Re1 Nf6 6.e5 Nd5 7.Nc3 Nxc3 8.dxc3 Qc7
9.Bf4 a6 10.Bc4 b5 11.Bxf7+ Kxf7 12.e6+ dxe6 13.Bxc7 Bf6 14.Ng5+ Bxg5 15.Qf3+ Bf6
16.Qxc6 Ra7 17.Qxc5 Rb7 18.Rad1 Rf8 19.Qc6 Ra7 20.Bb6 Rb7 21.Rxe6 Rxb6 22.Rxf6+ exf6
23.Qxb6  1-0

[Event "Spring op"]
[Site "Budapest"]
[Date "1992.??.??"]
[Round "?"]
[White "Sawatzki, Frank"]
[Black "Sjoberg, Mats"]
[Result "1-0"]
[WhiteElo "2215"]
[BlackElo "2380"]

1.e4 c5 2.Nf3 Nc6 3.Bb5 g6 4.O-O Bg7 5.c3 Nf6 6.Re1 O-O 7.d4 cxd4 8.cxd4 d5
9.e5 Ne4 10.Nc3 Bg4 11.Nxe4 dxe4 12.Bxc6 bxc6 13.Rxe4 Bf5 14.Re1 Qb6 15.b3 Qa6
16.Bg5 f6 17.exf6 exf6 18.Bf4 Rad8 19.h3 g5 20.Bg3 Rfe8 21.Bc7 Rc8 22.Bd6 Be4
23.Nd2 Bd5 24.Qg4 Qd3 25.Nf1 h6 26.Ng3 Bf7 27.Nf5 Rcd8 28.Ne7+ Kh7 29.Bc5 a6
30.Re3 Qc2 31.Rae1 Qxa2 32.Qf5+ Kh8 33.Ng6+ Kg8 34.Ne7+ Kh8 35.d5 cxd5 36.Bd4 Qa3
37.Bxf6 Qd6 38.Bxg7+ Kxg7 39.Re6 Qf4 40.Rg6+ Kh7 41.Ree6 Qxf5 42.Rxh6+ Kg7
43.Nxf5+ Kg8 44.Rxe8+ Rxe8 45.Rxa6 Re1+ 46.Kh2 Be6 47.Nd4 Bf7 48.Kg3 Re4
49.Ra4 Be8 50.Rb4 Kf7 51.f3 Rf4 52.Kf2 Bd7 53.Ke3 Ke7 54.Rb6  1-0

[Event "Budapest IM"]
[Site "Budapest"]
[Date "1992.??.??"]
[Round "2"]
[White "Vujosevic, Vladimir"]
[Black "Tangborn, Eric"]
[Result "1-0"]
[WhiteElo "2385"]
[BlackElo "2355"]

1.e4 c5 2.Nf3 Nc6 3.Bb5 g6 4.O-O Bg7 5.c3 Nf6 6.Re1 O-O 7.h3 e5 8.d3 d6 9.Nbd2 Nh5
10.Nf1 Nf4 11.Bxf4 exf4 12.d4 Qb6 13.Bxc6 Qxc6 14.Qd2 Bh6 15.e5 cxd4 16.cxd4 Be6
17.Rac1 Qd5 18.N1h2 Rad8 19.Ng4 Bxg4 20.hxg4 dxe5 21.Rxe5 Qxa2 22.Ra5 Qe6
23.Rxa7 Qxg4 24.Rxb7 Bg7 25.d5 Qf5 26.d6 g5 27.d7 Bf6 28.Qc2 Qd5 29.Qc6 Qxc6
30.Rxc6 Kg7 31.Nd2 Be7 32.Nb3 Bf6 33.Nc5 g4 34.Nd3 g3 35.Nxf4 Bd4 36.Nh5+ Kh8
37.Nxg3 f5 38.Ne2 Be5 39.Re6  1-0

[Event "Wch U20"]
[Site "Buenos Aires"]
[Date "1992.??.??"]
[Round "?"]
[White "Rasik, Vitezslav"]
[Black "Egger, Jorge"]
[Result "1/2-1/2"]
[WhiteElo "2415"]
[BlackElo "2460"]

1.e4 c5 2.Nf3 Nc6 3.Bb5 d6 4.O-O Bd7 5.c3 a6 6.Ba4 Nf6 7.Re1 b5 8.Bc2 Bg4
9.d3 e6 10.Be3 Be7 11.Nbd2 O-O 12.d4 cxd4 13.cxd4 Rc8 14.a3 Bh5 15.h3  1/2-1/2

[Event "Wch U20"]
[Site "Buenos Aires"]
[Date "1992.??.??"]
[Round "?"]
[White "Zarnicki, Pablo"]
[Black "Markovic, Miroljub"]
[Result "1-0"]
[WhiteElo "2455"]
[BlackElo "2270"]

1.e4 c5 2.Nf3 Nc6 3.Bb5 Nf6 4.Bxc6 dxc6 5.d3 g6 6.O-O Bg7 7.h3 O-O 8.a4 Nd7
9.Na3 e5 10.Nc4 Qe7 11.a5 h6 12.Bd2 Re8 13.Qc1 Kh7 14.Bc3 f6 15.Nh2 Nf8 16.f4 exf4
17.Qxf4 Ne6 18.Qh4 Nd4 19.Bxd4 cxd4 20.Rae1 Be6 21.b3 Rad8 22.Ng4 Bxc4 23.bxc4 Rd6
24.Rb1 h5 25.Nh2 Bh6 26.Kh1 Kg7 27.Nf3 Rd7 28.Qg3 Qc5 29.Nh4 Qg5 30.Qf2 Re6
31.Nf3 Qe3 32.Qh4 Bg5 33.Qg3 Bf4 34.Qh4 Bb8 35.Rbe1 Qh6 36.Re2 c5 37.Nd2 Qh8
38.g4 hxg4 39.Qxg4 Rde7 40.Rg2 Kf8 41.Nf3 Qh5 42.Qxh5 gxh5 43.Rfg1  1-0

[Event "Wch U20"]
[Site "Buenos Aires"]
[Date "1992.??.??"]
[Round "?"]
[White "Zarnicki, Pablo"]
[Black "Reinderman, Dimitri"]
[Result "1-0"]
[WhiteElo "2455"]
[BlackElo "2435"]

1.e4 c5 2.Nf3 Nc6 3.Bb5 g6 4.O-O Bg7 5.Re1 e5 6.Bxc6 dxc6 7.d3 Qe7 8.a3 Nh6
9.b4 cxb4 10.axb4 O-O 11.c3 b6 12.Be3 Qc7 13.Nbd2 f6 14.Qb3+ Kh8 15.h3 Nf7
16.d4 f5 17.dxe5 Nxe5 18.Nxe5 Bxe5 19.Nf3 Bg7 20.e5 Re8 21.Ng5 h6 22.Nf7+ Kh7
23.Nd6 Rxe5 24.Bf4 Be6 25.Qd1 Rxe1+ 26.Qxe1 Qe7 27.Qe3 Qf6 28.Re1 Bd7 29.Qe7 Rd8
30.Bxh6 Bc8 31.Bxg7 Qxd6 32.Bd4+ Qxe7 33.Rxe7+ Kh6 34.Rxa7 b5 35.Rc7 Be6
36.Be3+ g5 37.Rxc6 Re8 38.Rb6 Kg6 39.Rxb5 f4 40.Bd4 Bf5 41.Re5 Ra8 42.b5 Ra1+
43.Kh2 Rb1 44.b6 Bd3 45.Re7 Ba6 46.Ra7 Bd3 47.Rc7 f3 48.gxf3 Be2 49.Rc6+ Kh7
50.Rf6 Rb5 51.Kg3 Rb1 52.Kg4  1-0

[Event "Wch U20"]
[Site "Buenos Aires"]
[Date "1992.??.??"]
[Round "?"]
[White "Rocha, Sergio"]
[Black "Ciemniak, Robert"]
[Result "1/2-1/2"]
[WhiteElo "2310"]
[BlackElo "2415"]

1.e4 c5 2.Nf3 Nc6 3.Bb5 e6 4.O-O Nge7 5.Re1 a6 6.Bf1 d5 7.e5 h6 8.c3 d4 9.d3 g5
10.Nbd2 Ng6 11.Ne4 Be7 12.h3 b6 13.b4 Ngxe5 14.bxc5 bxc5 15.Nxe5 Nxe5 16.Bb2 Ng6
17.cxd4 cxd4 18.Qa4+ Qd7 19.Qc4 Bb7 20.Nc5 Bxc5 21.Qxc5 Qd5 22.Qxd4 Qxd4
23.Bxd4 Rg8 24.Rec1 Kd7 25.a4 Rgc8 26.Rab1 Rxc1 27.Rxc1 Ne7 28.Be2 Bc6 29.a5 Rb8
30.Bh5 f5 31.Bg7 Bd5 32.d4 Rg8 33.Be5 Nc6 34.Be2 Ra8 35.Rc5 Nxe5 36.dxe5 Bb7
37.Rc2 Rc8 38.Rd2+ Bd5 39.Bxa6 Rc5 40.Kf1 Rxa5 41.Bb7 Rb5 42.Bxd5 exd5 43.g3 f4
44.gxf4 gxf4 45.Rd4 f3 46.Ke1 Ke6 47.Rd3 Kxe5 48.Rxf3 d4 49.Ra3 Rb2 50.h4 Ke4
51.Rg3 h5 52.Ra3 Rc2 53.Rb3 Ra2 54.Rg3 Rb2 55.Ra3 Rc2 56.Rb3 Ra2 57.Rg3 Ra1+
58.Ke2 Rh1 59.Rg8 Rxh4 60.Re8+ Kf5 61.Rf8+ Ke5 62.Re8+ Kd5 63.Rd8+ Ke5 64.Re8+ Kd6
65.Rd8+ Ke7 66.Rh8 Kf6 67.Kd3 Ke5 68.Re8+ Kd5 69.Rd8+ Kc5 70.Rc8+ Kd5 71.Rd8+ Ke5
72.Re8+ Kf5 73.Rf8+ Kg5 74.Rg8+ Kf4 75.Rf8+ Kg5 76.Rg8+ Kf6 77.Rf8+ Ke7 78.Rh8 Kd7
79.f4 Ke6 80.Kxd4 Rxf4+ 81.Ke3 Rf5 82.Re8+ Kf7 83.Re4 Kg6 84.Rf4 Ra5 85.Kf2 Kg5
86.Rb4 h4 87.Kg2  1/2-1/2

[Event "Wch U20"]
[Site "Buenos Aires"]
[Date "1992.??.??"]
[Round "?"]
[White "Relange, Eloi"]
[Black "Sosa, Leonardo"]
[Result "1-0"]
[WhiteElo "2365"]
[BlackElo "2245"]

1.e4 c5 2.Nf3 Nc6 3.Bb5 g6 4.Bxc6 dxc6 5.h3 Bg7 6.d3 e5 7.Be3 Qe7 8.Nbd2 Nf6
9.O-O O-O 10.a4 Nh5 11.Nc4 f6 12.Qd2 Be6 13.g4 Nf4 14.Bxf4 exf4 15.Qxf4 Bxc4
16.dxc4 Qf7 17.b3 f5 18.Rae1 fxg4 19.Qxf7+ Kxf7 20.hxg4 Ke7 21.Nh4 Rf4 22.f3 Raf8
23.Rd1 Ke6 24.Rd3 Bd4+ 25.Kg2 Bf6 26.Rh1 Rf7 27.Rh3 a5 28.Rh1 Ke5 29.Kg3 Bxh4+
30.Rxh4 Ke6 31.g5 Rxh4 32.Kxh4 Ke5 33.Kg4 Rf4+ 34.Kg3 Rf7 35.Rd8 Re7 36.c3 b6
37.Kg4 Rb7 38.Kg3 Re7 39.Rb8 Kd6 40.Rxb6 Rd7 41.Rb8 Re7 42.Kf4 Kc7 43.Ra8 Kd6
44.Rxa5 Rb7 45.b4 cxb4 46.cxb4 Rxb4 47.c5+ Ke6 48.Ra6  1-0

[Event "Wch U20"]
[Site "Buenos Aires"]
[Date "1992.??.??"]
[Round "?"]
[White "Fish, Gannadij"]
[Black "Silva, Sebastain"]
[Result "1-0"]
[WhiteElo "2440"]
[BlackElo "2380"]

1.e4 c5 2.Nf3 Nc6 3.Bb5 g6 4.O-O Bg7 5.c3 Nf6 6.Re1 O-O 7.e5 Nd5 8.d4 cxd4
9.cxd4 d6 10.Nc3 Nc7 11.Ba4 Bg4 12.Bxc6 bxc6 13.h3 Bxf3 14.Qxf3 d5 15.Na4 Ne6
16.Qc3 Qc7 17.Be3 Rfc8 18.Rac1 Nf8 19.Rc2 Nd7 20.Rec1 Qb7 21.Qa5 e6 22.Rc3 Rab8
23.Rb3 Qc7 24.Qxc7 Rxc7 25.Rbc3 Rbc8 26.b4 a6 27.Nc5 Nxc5 28.bxc5 Rb7 29.Ra3 Ra8
30.Rcc3 Kf8 31.Ra4 Ke8 32.Rca3 Rba7 33.Bd2 f6 34.f4 g5 35.exf6 Bxf6 36.fxg5 Bg7
37.Bf4 Kf7 38.Kf2 Rb7 39.Rb3 Rxb3 40.axb3 e5 41.Bxe5 Bxe5 42.dxe5 Ke6 43.Rh4 Rf8+
44.Ke2 Rf5 45.Rh6+ Kxe5 46.h4 Kd4 47.Rxh7 Kc3 48.g6 d4 49.Rd7 Re5+ 50.Kf3 d3
51.g7 Re8 52.h5  1-0

[Event "Wch U20"]
[Site "Buenos Aires"]
[Date "1992.??.??"]
[Round "?"]
[White "Relange, Eloi"]
[Black "Ciemniak, Robert"]
[Result "0-1"]
[WhiteElo "2365"]
[BlackElo "2415"]

1.e4 c5 2.Nf3 Nc6 3.Bb5 e6 4.Bxc6 bxc6 5.b3 Ne7 6.Bb2 Ng6 7.h4 h5 8.e5 Be7
9.d3 f6 10.Nbd2 d5 11.exd6 Qxd6 12.g3 e5 13.Qe2 Bg4 14.Qe4 Nf8 15.Nh2 Be6
16.Rg1 Bf7 17.O-O-O Qd5 18.f4 exf4 19.gxf4 Qxe4 20.Nxe4 Rg8 21.f5 O-O-O 22.Rde1 Re8
23.Nf3 Nd7 24.Re2 g6 25.fxg6 Rxg6 26.Rxg6 Bxg6 27.Kd2 Kd8 28.Rg2 Bf5 29.Rf2 Bg4
30.Nh2 f5 31.Ng5 Bxg5+ 32.hxg5 Rg8 33.Bf6+ Ke8 34.Nxg4 fxg4 35.Ke3 Kf7 36.Rf4 Re8+
37.Kf2 Kg6 38.Ra4 Rf8 39.Rxa7 Nxf6 40.gxf6 Rxf6+ 41.Kg2 h4 42.Re7 Rf3 43.Re8 h3+
44.Kg1 Kg5  0-1